Protocols and architectures for wireless sensor networks / (رقم التسجيلة. 31954)

تفاصيل مارك
000 -الفاتح
حقل البيانات ثابتة الطول 01456cam a22003494a 4500
001 - رقم الضبط
رقم الضبط 15120371
003 - محدد رقم الضبط
رقم الضبط OSt
005 - وقت وتاريخ اخر تعامل مع التسجيلة
رقم الضبط 20150408114150.0
008 - عناصر البيانات ثابتة الطول - معلومات عامة
حقل البيانات ثابتة الطول 071221s2007 enka b 001 0 eng
010 ## - رقم ضبط مكتبة الكونجرس
رقم ضبط مكتبة الكونجرس 2007282665
020 ## - الرقم الدولى المعيارى للكتب
الرقم الدولى المعيارى للكتاب 9790470095102 (HB)
020 ## - الرقم الدولى المعيارى للكتب
الرقم الدولى المعيارى للكتاب 9780470519233 (PB)
040 ## - مصدر الفهرسة
وكالة الفهرسة الأصلية DLC
وكالة النسخ DLC
وكالة التعديل DLC
050 00 - رقم طلب مكتبة الكونجرس
رقم التصنيف TK7872.D48
رقم المادة K37 2007
082 ## - رقم تصنيف ديوى العشرى
رقم الطبعة 22
رقم التصنيف 004.678
رقم المادة KHP
100 1# - المدخل الرئيسى - إسم شخصى
الإسم الشخصى Karl, Holger,
التواريخ المصاحبة للاسم 1970-
9 (RLIN) 39510
245 10 - بيان العنوان
العنوان Protocols and architectures for wireless sensor networks /
بيان المسئوليه,etc Holger Karl, Andreas Willig.
250 ## - بيان الطبعة
بيان الطبعة 2007 John Wiley & Sons Ltd. pbk. ed.
260 ## - PUBLICATION, DISTRIBUTION, ETC. (IMPRINT)
مكان الناشر او الموزع Chichester, West Sussex, England ;
-- Hoboken, NJ :
اسم الناشر او الموزع John Wiley & Sons,
تاريخ النشر أو التوزيع 2007.
300 ## - الوصف المادى
التعداد xxv, 497 p. :
تفاصيل ماديه اخرى للوعاء ill. ;
أبعاد الوعاء 25 cm.
500 ## - تبصرة عامة
تبصرة عامة "Reprinted with corrections July 2007"--Verso t.p.
504 ## - تبصرة ببليوجرافية
تبصرة ببليوجرافية,الخ Includes bibliographical references (p. [437]-480) and index.
650 #0 - المدخل الاضافى بالموضوع-مصطلح موضوعى
مصطلح موضوعي أو اسم جغرافي كعنصر مدخل Sensor networks.
9 (RLIN) 36566
650 #0 - المدخل الاضافى بالموضوع-مصطلح موضوعى
مصطلح موضوعي أو اسم جغرافي كعنصر مدخل Wireless LANs.
700 1# - المدخل الاضافى - اسم شخصى
الإسم الشخصى Willig, Andreas,
التواريخ المصاحبة للاسم 1968-
9 (RLIN) 39511
856 42 - الوصول و الموقع الالكترونى
مواد محددة Contributor biographical information
معرف المصدر الموحد <a href="http://www.loc.gov/catdir/enhancements/fy0806/2007282665-b.html">http://www.loc.gov/catdir/enhancements/fy0806/2007282665-b.html</a>
856 42 - الوصول و الموقع الالكترونى
مواد محددة Publisher description
معرف المصدر الموحد <a href="http://www.loc.gov/catdir/enhancements/fy0806/2007282665-d.html">http://www.loc.gov/catdir/enhancements/fy0806/2007282665-d.html</a>
856 41 - الوصول و الموقع الالكترونى
مواد محددة Table of contents only
معرف المصدر الموحد <a href="http://www.loc.gov/catdir/enhancements/fy0806/2007282665-t.html">http://www.loc.gov/catdir/enhancements/fy0806/2007282665-t.html</a>
906 ## - عنصر بيانات محلى F, LDF (RLIN)
a 7
b cbc
c origcop
d 2
e ncip
f 20
g y-gencatlg
942 ## - عناصر المدخل الإضافي( كوها)
مصدر التصنيف او مخطط الترفيف Dewey Decimal Classification
Koha [default] item type كتاب
المقتنيات
حالة الفقد نموذج السعر الفعال حالة تلف ليس للاعارة رقم الطلب تاريخ الاكتساب الموقع الحالي الباركود الفرع الرئيسي Date last seen نوع المادة فى نظام كوها مصدر التصنيف او خطة الترفيف Total Checkouts
  2013-11-12     004.678 KHP 2013-11-12 المكتبة المركزية بالمجمعة (CL) 00651346 المكتبة المركزية بالمجمعة (CL) 2013-11-12 كتاب Dewey Decimal Classification  
  2013-11-12     004.678 KHP 2013-11-12 المكتبة المركزية بالمجمعة (CL) 00651347 المكتبة المركزية بالمجمعة (CL) 2013-11-12 كتاب Dewey Decimal Classification  
  2013-11-12     004.678 KHP 2013-11-12 المكتبة المركزية بالمجمعة (CL) 00651348 المكتبة المركزية بالمجمعة (CL) 2013-11-12 كتاب Dewey Decimal Classification  
  2013-11-12     004.678 KHP 2013-11-12 مكتبة مجمع الكليات بالزلفى - طلاب (SZM) 00651349 مكتبة مجمع الكليات بالزلفى - طلاب (SZM) 2013-11-12 كتاب Dewey Decimal Classification  
  2013-11-12     004.678 KHP 2013-11-12 مكتبة مجمع الكليات بالزلفى - طلاب (SZM) 00651350 مكتبة مجمع الكليات بالزلفى - طلاب (SZM) 2013-11-12 كتاب Dewey Decimal Classification  
  2013-11-12     004.678 KHP 2013-11-12 مكتبة مجمع الكليات بالزلفى - طلاب (SZM) 00651351 مكتبة مجمع الكليات بالزلفى - طلاب (SZM) 2013-11-12 كتاب Dewey Decimal Classification